| 000 | 01061cam a2200301 i 4500 | ||
|---|---|---|---|
| 001 | 192106 | ||
| 003 | ES-MaACL | ||
| 005 | 20240229063328.0 | ||
| 008 | 221104s2018 sp | |||| 000 f spa | ||
| 017 |
_aB 6441-2016 _bOficina Depósito Legal Barcelona |
||
| 020 | _a9788423351008 | ||
| 040 | _cES-MaACL | ||
| 080 | _a821.134.2-31"19" | ||
| 100 | 1 |
_aRedondo, Dolores, _d1969- _eaut _9175717 |
|
| 245 | 1 | 0 |
_aLegado en los huesos / _cDolores Redondo. |
| 250 | _aPrimera edición en Booket: mayo de 2016, vigesimocuarta impresión: octubre de 2018 | ||
| 264 | 1 |
_a[Barcelona] : _bDestino, _c2018 |
|
| 300 |
_a553 páginas ; _c19 cm. |
||
| 490 | 1 |
_aCrimen y misterio _v; 2685 |
|
| 490 | 1 |
_aTrilogía del Baztán _v; 2 |
|
| 650 | 7 |
_aNovelas policíacas _2 _9174127 |
|
| 830 | 1 |
_aCrimen y misterio ; _v2685 _9226093 |
|
| 830 | 1 |
_aTrilogía del Baztán ; _v2 _9193557 |
|
| 852 | 4 |
_aES-MaACL _jN-8072 _9199388 _cDEPOJ _bR. 153177 _hDonación: Editorial |
|
| 942 |
_cMONOGRAFIA _n0 |
||
| 999 |
_c192106 _d192106 |
||